| 000 | 00440nam a22001577a 4500 | ||
|---|---|---|---|
| 005 | 20250814071512.0 | ||
| 008 | 250814b |||||||| |||| 00| 0 eng d | ||
| 022 | _a10246991 | ||
| 082 | _a349 NAM | ||
| 100 | _lEnglish | ||
| 245 | _aThe Namibian Law Reports | ||
| 260 |
_aCape Town: _bJuta and Company Ltd, _c2025 |
||
| 300 |
_bxx, 624 pages; _c25 cm. |
||
| 650 |
_aLegal Practice _bLaw |
||
| 942 |
_cBK _6ALISON_BN_VRIES |
||
| 999 |
_c3318 _d3318 |
||